00582 2200205 4500001002100000005001500021035002000036007000300056008004100059020001800100082001300118084001900131100004000150245006300190250001000253260004600263300002600309650003000335990001100365INLIS00000000000023020170914103100 a0010-0917000216ta170914 0 ind  a979-3636-90-3 a297.1229 a297.1229 AL- t0 aAl-AsyqarMuhammad Sulaiman Abdullah1 aTafsir Juz Amma /cdr.Muhammad Sulaiman Abdullah al-Asyqar aCet.1 aJakarta :bPustaka Imam Asy-Syafii,c2007 a164 hlm ;c14 x 20 cm aAl-Quran -Tafsir-Juz,Amma a13.580